000 00700nam a2200241Ia 4500
003 OSt
005 20220927105558.0
006 a|||||r|||| 00| 0
007 ta
008 220926b |||||||| |||| 00| 0 eng d
024 _a187554
037 _cReference Collections
040 _aRTL
_cRTL
_beng
041 _2eng
_aeng
082 _a"X9(E).2.N95<-N94r, M5/GD"
110 _aLUBRIZOL INDIA LTD
_9373517
245 0 _a29th annual report 1994-95
260 _aBombay
_bLubrizol India Ltd
_c1995
300 _a46p
_ccm.
700 _aLUBRIZOL INDIA LTD
_9373518
942 _h"X9(E).2.N95<-N94r, M5/GD"
_cCC
999 _c693244
_d693244